000 01662nam a2200373 i 4500
001 198429
003 ES-MaACL
005 20260625215014.0
007 ta
008 260605s2025 sp ||||| |||| 001 0 spa d
017 _aM 6050-2025
_bOficina Depósito Legal Madrid
020 _a978-84-1364-303-8
040 _aES-MaACL
_bspa
_cES-MaACL
_erda
080 _a329.23(460)
100 1 _4aut
_aPérez Tapias, José Antonio
_eaut
_991169
245 1 3 _aLa república por venir :
_bde la melancolía política a la radicalización cosmopolita de la democracia /
_cJosé Antonio Pérez Tapias
264 1 _aMadrid :
_bEditorial Trotta,
_c2025
264 4 _c©2025
300 _a253 páginas ;
_c23 cm
336 _2rdacontent
_aTexto
337 _2rdamedia
_asin mediación
338 _2rdacarrier
_avolumen
490 0 _aColección Estructuras y Procesos.
_pSerie Ciencias Sociales
500 _aRegistro provisional
500 _aEjemplar firmado y dedicado por el autor
500 _aEjemplar entregado por don Juan Armindo Hernández Montero, presidente del Ateneo de Madrid del 2019-2021. Se guarda en el Archivo del Ateneo su tarjeta de presentación con nota manuscrita
504 _aBibliografía: páginas 233-248. Índices
650 4 _aRepublicanismo-
_zEspaña
_916856
852 _aES-MaACL
_cDEPOJ
_jDJ-44
_gDedicatoria autógrafa del autor
_hDonación: José Antonio Pérez Tapias
_xEncuadernación rústica con solapas
_9207429
942 _cMONOGRAFIA
_n0
999 _c198429
_d198429